| 000 | 00657nam a2200229Ia 4500 | ||
|---|---|---|---|
| 005 | 20250108124955.0 | ||
| 008 | 008 250107s9999 xx 000 0 eng d | ||
| 020 | _a81-87649-77-1 | ||
| 037 | _aTB | ||
| 040 |
_aCRL _beng _cCRL |
||
| 041 |
_aeng _2eng |
||
| 084 | _aO152,3N43x Q9 | ||
| 084 | _qCRL | ||
| 100 | _aJaffrelot Christophe Ed. | ||
| 245 | 0 |
_aPakistan at the crossroads:domestic dynamics and external pressures _cJaffrelot Christophe Ed. |
|
| 260 |
_aLondon, UK _bRandom House India _c2868 |
||
| 300 | _avi,358p. | ||
| 365 |
_aINR _b350 |
||
| 650 | _aHISTORY | ||
| 942 |
_cTB _hO152,3N43x Q9 |
||
| 999 |
_c1235256 _d1235256 |
||